| 000 | 00941nam a2200277 i 4500 | ||
|---|---|---|---|
| 003 | DO-SdBNP | ||
| 005 | 20250603110735.0 | ||
| 007 | ta | ||
| 008 | 250603b2021 dr ||||| |||| 00| 0 spa d | ||
| 020 | _a9789945649321 | ||
| 040 |
_aDO-SdBNP _bspa _cBNPHU _erda |
||
| 041 | _aspa | ||
| 082 | 4 |
_axxx _bV145p _222 |
|
| 100 |
_aValdez, Esterlin, _d1989- _eautor _4aut. _987698 |
||
| 245 | 1 | 3 |
_aEl proceso del matrimonio / _cEsterlin José Valdez ; editor, Karol Rafael ; diseño, diagramación y edición, Nathalia Flores |
| 264 | 4 |
_aSanto Domingo : _bVilgraf, _c2021 |
|
| 300 |
_a101 páginas ; _c21 cm. |
||
| 336 |
_atexto _btxt _2rdacontent |
||
| 337 |
_asin mediación _bn _2rdamedia |
||
| 338 |
_avolumen _bnc _2rdacarrier |
||
| 500 | _aIncluye datos biográficos del autor en la contracubierta | ||
| 590 | _aInventariado, 2025 /LP | ||
| 700 | 1 |
_aFlores, Nathalia, _ediagramador, editor _4di. _987966 |
|
| 910 | _aLP | ||
| 942 |
_2ddc _cLBS1 |
||
| 999 |
_c58978 _d58978 |
||